000 00379nam a2200145Ia 4500
008 230917s9999||||xx |||||||||||||| ||und||
040 _e40591
_aMAIN
041 _aEnglish
082 _a823.7 M541W:R
100 _aWilt, Judith
245 4 _aThe readable people of George meredith
260 _aNew Jersey
_bPrinceton University Press
_c1975
300 _a253 p.
942 _cBK
999 _c205107
_d205107